Bohr's Social Security issues annotated / (Registro nro. 172998)
[ vista simple ]
| 000 -LEADER | |
|---|---|
| fixed length control field | 01204nam a22003611i 4500 |
| 001 - CONTROL NUMBER | |
| control field | bslw10067338 |
| 006 - FIXED-LENGTH DATA ELEMENTS--ADDITIONAL MATERIAL CHARACTERISTICS--GENERAL INFORMATION | |
| fixed length control field | m o d |
| 007 - PHYSICAL DESCRIPTION FIXED FIELD--GENERAL INFORMATION | |
| fixed length control field | cr un ---uuuua |
| 008 - FIXED-LENGTH DATA ELEMENTS--GENERAL INFORMATION | |
| fixed length control field | 230711s2015 cau o 000 0 eng d |
| 020 ## - INTERNATIONAL STANDARD BOOK NUMBER | |
| International Standard Book Number | 9780938065104 |
| 035 ## - | |
| -- | 38694 |
| 035 ## - | |
| -- | 38695 |
| 040 ## - CATALOGING SOURCE | |
| Original cataloging agency | UtOrBLW |
| Language of cataloging | eng |
| Description conventions | rda |
| Transcribing agency | UtOrBLW |
| 043 ## - | |
| -- | n-us--- |
| 050 #4 - | |
| -- | KF3649 |
| -- | .B64 2015 |
| 082 04 - | |
| -- | 344.73023 |
| -- | 23 |
| 100 1# - MAIN ENTRY--PERSONAL NAME | |
| Personal name | Bohr, Sarah H., |
| Dates associated with a name | 1952- |
| Relator term | author. |
| 245 10 - TITLE STATEMENT | |
| Title | Bohr's Social Security issues annotated / |
| Statement of responsibility, etc | by Sarah H. Bohr, Esq., Curtis J. Fisher, Esq., and Kimberly V. Cheiken, Esq.. |
| 246 30 - | |
| -- | Social Security issues annotated |
| 250 ## - | |
| -- | Revision 12. |
| 264 #1 - | |
| -- | Costa Mesa, CA : |
| -- | James Publishing, |
| -- | 2015. |
| 300 ## - PHYSICAL DESCRIPTION | |
| Extent | 1 online resource (volumes) |
| 336 ## - | |
| -- | text |
| -- | txt |
| -- | rdacontent |
| 337 ## - | |
| -- | computer |
| -- | c |
| -- | rdamedia |
| 338 ## - | |
| -- | online resource |
| -- | cr |
| -- | rdacarrier |
| 650 #0 - SUBJECT ADDED ENTRY--TOPICAL TERM | |
| Topical term or geographic name as entry element | Social security |
| General subdivision | Law and legislation |
| Geographic subdivision | United States. |
| 700 1# - ADDED ENTRY--PERSONAL NAME | |
| Personal name | Fisher, Curtis J., |
| Relator term | author. |
| 700 1# - ADDED ENTRY--PERSONAL NAME | |
| Personal name | Cheiken, Kimberly V., |
| Relator term | author. |
| 856 40 - LOCALIZACIÓN Y ACCESO ELECTRÓNICO | |
| Identificador Uniforme del Recurso (URI/URL) | https://app.vlex.com/#/sources/38694 |
| 856 40 - LOCALIZACIÓN Y ACCESO ELECTRÓNICO | |
| Identificador Uniforme del Recurso (URI/URL) | https://app.vlex.com/#/sources/38695 |
| 942 ## - | |
| -- | RAA |
| 999 ## - | |
| -- | 172998 |
| -- | 172998 |
No hay ítems disponibles.